[Event "Penang op-B 5th"]
[Site "Penang"]
[Date "2013.12.09"]
[Round "1"]
[White "Muhd, Zarif Aiman"]
[Black "Tan, Jun Hao"]
[Result "0-1"]
[WhiteElo "1252"]
[BlackElo "1639"]
[PlyCount "108"]
[EventDate "2013.12.09"]
[EventType "swiss"]
[EventRounds "9"]
[EventCountry "MAS"]
[SourceTitle "CBM 158 Extra"]
[Source "ChessBase"]
[SourceDate "2014.02.28"]
[SourceVersion "1"]
[SourceVersionDate "2014.02.28"]
[SourceQuality "1"]

1. Nf3 c5 2. g3 d5 3. Bg2 Nf6 4. e3 e6 5. d4 Nc6 6. b3 Be7 7. Bb2 0-0 8. Nbd2 b5 9. 0-0 c4 10. Rc1 Qa5 11. Ra1 c3 12. Bc1 cxd2 13. Bxd2 Qb6 14. Bc3 b4 15. Bb2 Ba6 16. Re1 Rac8 17. Qd2 Ne4 18. Qc1 Na5 19. Ne5 f5 20. Nd7 Qc6 21. Nxf8 Bxf8 22. Bf3 Qxc2 23. Qxc2 Rxc2 24. Rab1 Nxf2 25. Rec1 Rxc1+ 26. Bxc1 Bd3 27. Rb2 Ne4 28. Be2 Bxe2 29. Rxe2 g6 30. Rc2 Nc3 31. Bb2 Bh6 32. Bxc3 Bxe3+ 33. Kg2 bxc3 34. Rxc3 Bxd4 35. Rc7 a6 36. b4 Nc4 37. Rc6 e5 38. Rxa6 e4 39. Ra8+ Kf7 40. a4 Nd2 41. Rc8 e3 42. Rc1 Nc4 43. Kf3 Bb2 44. Rd1 d4 45. Ke2 Ke6 46. Kd3 Kd5 47. Rb1 Bc3 48. b5 Ne5+ 49. Ke2 Ke4 50. b6 d3+ 51. Kf1 e2+ 52. Kf2 Bd4+ 53. Ke1 Ke3 54. Rb3 Nf3# 0-1